=LDR 00000nam 2200000 4500 =001 INLIS000000000016851 =005 20130612112101 =008 ***********************************Ind** =035 ##$$a0010-061300000016851 =041 ##$$a Ind =082 ##$$a 658.04 =090 ##$$a 658.04, Sub m =100 ##$$a Subakir, Supriono =245 ##$$a Manajemen berbasis sekolah, Supriono Subakir =260 ##$$a 2001 $b Surabaya =300 ##$$a xii, 125 hlm, 23 cm =650 ##$$a Manajemn dan Organisasi =850 ##$$a NBPNMAT =990 ##$$a 94568/BPAP-NTB/2014